Theory of Computer Science Automata, Languages and Computation (Record no. 3563)
[ view plain ]
| 000 -LEADER | |
|---|---|
| fixed length control field | 00366nam a2200145Ia 4500 |
| 008 - FIXED-LENGTH DATA ELEMENTS--GENERAL INFORMATION | |
| fixed length control field | 191201s2012 xx 000 0 und d |
| 082 ## - DEWEY DECIMAL CLASSIFICATION NUMBER | |
| Classification number | 004 |
| Item number | MIT |
| 100 ## - MAIN ENTRY--PERSONAL NAME | |
| Personal name | MISHRA, K L P |
| 245 #0 - TITLE STATEMENT | |
| Title | Theory of Computer Science Automata, Languages and Computation |
| 250 ## - EDITION STATEMENT | |
| Edition statement | 3rd |
| 260 ## - PUBLICATION, DISTRIBUTION, ETC. (IMPRINT) | |
| Place of publication, distribution, etc | N.Delhi |
| Name of publisher, distributor, etc | PHI |
| Date of publication, distribution, etc | 2012 |
| 300 ## - PHYSICAL DESCRIPTION | |
| Extent | 422 |
| 650 ## - SUBJECT ADDED ENTRY--TOPICAL TERM | |
| Topical term or geographic name as entry element | B.Tech(IT) |
| 942 ## - ADDED ENTRY ELEMENTS (KOHA) | |
| Source of classification or shelving scheme | Dewey Decimal Classification |
| Koha item type | Text Books |
| Withdrawn status | Lost status | Source of classification or shelving scheme | Damaged status | Not for loan | Collection code | Home library | Current library | Date acquired | Source of acquisition | Cost, normal purchase price | Bill Number | Total Checkouts | Full call number | Acc. no. / Barcode | Date last seen | Bill Date | Koha item type | Date last borrowed | Checked out | Public note |
|---|---|---|---|---|---|---|---|---|---|---|---|---|---|---|---|---|---|---|---|---|
| Dewey Decimal Classification | Computer Science and Engineering in AI & Data Science | PIET C-LIBRARY | PIET C-LIBRARY | 04/10/2008 | J B C, New Delhi | 225.00 | S1-2655 | 004 MIT | 9801 | 06/12/2019 | 26/08/2008 | Text Books | ||||||||
| Dewey Decimal Classification | B.Tech(IT) | PIET C-LIBRARY | PIET C-LIBRARY | 04/10/2008 | J B C, New Delhi | 225.00 | S1-2655 | 004 MIT | 9802 | 04/12/2019 | 26/08/2008 | Text Books | ||||||||
| Dewey Decimal Classification | B.Tech(IT) | PIET C-LIBRARY | PIET C-LIBRARY | 04/10/2008 | J B C, New Delhi | 225.00 | S1-2655 | 1 | 004 MIT | 9803 | 26/09/2023 | 26/08/2008 | Text Books | 13/09/2023 | ||||||
| Dewey Decimal Classification | B.Tech(IT) | PIET C-LIBRARY | PIET C-LIBRARY | 04/10/2008 | J B C, New Delhi | 225.00 | S1-2655 | 1 | 004 MIT | 9804 | 21/01/2022 | 26/08/2008 | Text Books | 21/01/2022 | 20/07/2022 | . | ||||
| Dewey Decimal Classification | B.Tech(IT) | PIET C-LIBRARY | PIET C-LIBRARY | 04/10/2008 | J B C, New Delhi | 225.00 | S1-2655 | 004 MIT | 9805 | 11/12/2019 | 26/08/2008 | Text Books | ||||||||
| Dewey Decimal Classification | B.Tech(IT) | PIET C-LIBRARY | PIET C-LIBRARY | 04/10/2008 | J B C, New Delhi | 225.00 | S1-2655 | 3 | 004 MIT | 9806 | 29/10/2025 | 26/08/2008 | Text Books | 17/10/2025 | ||||||
| Dewey Decimal Classification | B.Tech(IT) | PIET C-LIBRARY | PIET C-LIBRARY | 04/10/2008 | J B C, New Delhi | 225.00 | S1-2655 | 004 MIT | 9807 | 04/12/2019 | 26/08/2008 | Text Books | ||||||||
| Dewey Decimal Classification | B.Tech(IT) | PIET C-LIBRARY | PIET C-LIBRARY | 04/10/2008 | J B C, New Delhi | 225.00 | S1-2655 | 9 | 004 MIT | 9808 | 17/12/2025 | 26/08/2008 | Text Books | 13/12/2025 | ||||||
| Dewey Decimal Classification | B.Tech(IT) | PIET C-LIBRARY | PIET C-LIBRARY | 04/10/2008 | J B C, New Delhi | 225.00 | S1-2655 | 004 MIT | 9809 | 04/12/2019 | 26/08/2008 | Text Books | ||||||||
| Dewey Decimal Classification | B.Tech(IT) | PIET C-LIBRARY | PIET C-LIBRARY | 04/10/2008 | J B C, New Delhi | 225.00 | S1-2655 | 3 | 004 MIT | 9810 | 13/12/2023 | 26/08/2008 | Text Books | 01/12/2023 | ||||||
| Dewey Decimal Classification | B.Tech(IT) | PIET C-LIBRARY | PIET C-LIBRARY | 04/10/2008 | J B C, New Delhi | 225.00 | S1-2655 | 1 | 004 MIT | 9811 | 04/01/2024 | 26/08/2008 | Text Books | 26/12/2023 | ||||||
| Dewey Decimal Classification | B.Tech(IT) | PIET C-LIBRARY | PIET C-LIBRARY | 04/10/2008 | J B C, New Delhi | 225.00 | S1-2655 | 1 | 004 MIT | 9812 | 26/12/2023 | 26/08/2008 | Text Books | 11/12/2023 |